| 000 | 04230nam a22006735i 4500 | ||
|---|---|---|---|
| 001 | 978-3-319-66299-2 | ||
| 003 | DE-He213 | ||
| 005 | 20210118132257.0 | ||
| 007 | cr nn 008mamaa | ||
| 008 | 170816s2017 gw | s |||| 0|eng d | ||
| 020 |
_a9783319662992 _9978-3-319-66299-2 |
||
| 024 | 7 |
_a10.1007/978-3-319-66299-2 _2doi |
|
| 050 | 4 | _aQA76.758 | |
| 072 | 7 |
_aUMZ _2bicssc |
|
| 072 | 7 |
_aCOM051230 _2bisacsh |
|
| 072 | 7 |
_aUMZ _2thema |
|
| 082 | 0 | 4 |
_a005.1 _223 |
| 245 | 1 | 0 |
_aSearch Based Software Engineering _h[electronic resource] : _b9th International Symposium, SSBSE 2017, Paderborn, Germany, September 9-11, 2017, Proceedings / _cedited by Tim Menzies, Justyna Petke. |
| 250 | _a1st ed. 2017. | ||
| 264 | 1 |
_aCham : _bSpringer International Publishing : _bImprint: Springer, _c2017. |
|
| 300 |
_aXXVI, 197 p. 33 illus. _bonline resource. |
||
| 336 |
_atext _btxt _2rdacontent |
||
| 337 |
_acomputer _bc _2rdamedia |
||
| 338 |
_aonline resource _bcr _2rdacarrier |
||
| 347 |
_atext file _bPDF _2rda |
||
| 490 | 1 |
_aProgramming and Software Engineering ; _v10452 |
|
| 505 | 0 | _aSearch-Based Software Engineering -- Software testing -- Automated Program Repair -- Software Evolution -- Combinatorial Testing -- Software Requirements Analysis -- Software Configuration -- Multi-Objective Optimization -- Evolutionary computation -- Software Diversity -- Mutation Testing. | |
| 520 | _aThis book constitutes the refereed proceedings of the 9th International Symposium on Search-Based Software Engineering, SSBSE 2017, held in Paderborn, Germany, in September 2017. The 7 full papers and 5 short papers presented together with 4 challenge track and 2 students student track papers were carefully reviewed and selected from 26 submissions. SSBSE welcomes not only applications from throughout the software engineering lifecycle but also a broad range of search methods ranging from exact Operational Research techniques to nature-inspired algorithms and simulated annealing. | ||
| 650 | 0 | _aSoftware engineering. | |
| 650 | 0 | _aOperating systems (Computers). | |
| 650 | 0 | _aProgramming languages (Electronic computers). | |
| 650 | 0 | _aArtificial intelligence. | |
| 650 | 0 | _aAlgorithms. | |
| 650 | 0 | _aLogic design. | |
| 650 | 1 | 4 |
_aSoftware Engineering. _0http://scigraph.springernature.com/things/product-market-codes/I14029 |
| 650 | 2 | 4 |
_aOperating Systems. _0http://scigraph.springernature.com/things/product-market-codes/I14045 |
| 650 | 2 | 4 |
_aProgramming Languages, Compilers, Interpreters. _0http://scigraph.springernature.com/things/product-market-codes/I14037 |
| 650 | 2 | 4 |
_aArtificial Intelligence. _0http://scigraph.springernature.com/things/product-market-codes/I21000 |
| 650 | 2 | 4 |
_aAlgorithm Analysis and Problem Complexity. _0http://scigraph.springernature.com/things/product-market-codes/I16021 |
| 650 | 2 | 4 |
_aLogic Design. _0http://scigraph.springernature.com/things/product-market-codes/I12050 |
| 700 | 1 |
_aMenzies, Tim. _eeditor. _0(orcid)0000-0002-5040-3196 _1https://orcid.org/0000-0002-5040-3196 _4edt _4http://id.loc.gov/vocabulary/relators/edt |
|
| 700 | 1 |
_aPetke, Justyna. _eeditor. _0(orcid)0000-0002-7833-6044 _1https://orcid.org/0000-0002-7833-6044 _4edt _4http://id.loc.gov/vocabulary/relators/edt |
|
| 710 | 2 | _aSpringerLink (Online service) | |
| 773 | 0 | _tSpringer eBooks | |
| 776 | 0 | 8 |
_iPrinted edition: _z9783319662985 |
| 776 | 0 | 8 |
_iPrinted edition: _z9783319663005 |
| 830 | 0 |
_aProgramming and Software Engineering ; _v10452 |
|
| 856 | 4 | 0 | _uhttps://doi.org/10.1007/978-3-319-66299-2 |
| 912 | _aZDB-2-SCS | ||
| 912 | _aZDB-2-LNC | ||
| 999 |
_c448129 _d448129 |
||
| 942 | _cEB | ||
| 506 | _aAvailable to subscribing member institutions only. Доступно лише організаціям членам підписки. | ||
| 506 | _fOnline access from local network of NaUOA. | ||
| 506 | _fOnline access with authorization at https://link.springer.com/ | ||
| 506 | _fОнлайн-доступ з локальної мережі НаУОА. | ||
| 506 | _fОнлайн доступ з авторизацією на https://link.springer.com/ | ||